00692cam a2200217 a 450000100060000000300090000600500170001500800410003202000180007302000150009104000380010608200220014410000200016624500790018625000120026526000530027730000470033050400510037765000230042870000230045112149BD-DhUAP20200308123443.0200301s1998 bg abf b f000 0 eng  a9788126508174 a8126508175 aBD-DhUAPcBD-DhUAPdBD-DhUAPbEng a621.31924 DOR223 aDorf, Richard C aIntroduction to electric circuits /cRichard C. Dorf and James A. Svoboda. a6th ed. aHoboken, NJ : bWiley,cc2004 [Reprinted 2007]. axxii, 809 pages :billustrations ;c24 cm. aIncludes bibliographical references and index. aElectric circuits. aSvoboda, James A.